| 000 | 00579cas a22001935a 4500 | ||
|---|---|---|---|
| 001 | L103326 | ||
| 008 | 070705c1985 cc qr p 0 a0eng u | ||
| 022 | 1 | _a1812-3959 | |
| 035 | _a(Sirsi) u103326 | ||
| 041 | 0 | _aeng | |
| 110 | 2 |
_aHong Kong Institute of Surveyors _93136 |
|
| 245 |
_aHong Kong Surveyor _bThe Journal of the Hong Kong Institute of Surveyors |
||
| 260 |
_aHong Kong _bHKIS _c1985- |
||
| 362 | _a1(1) May 1985-16(1) June 2005 | ||
| 554 | _aFour per year | ||
| 651 | 4 | _aHong Kong | |
| 690 | _aMANAGEMENT-BUSINESS MANAGEMENT-PROFESSIONAL PRACTICE | ||
| 942 | _n0 | ||
| 999 |
_c118710 _d118710 |
||